Kraje z kolorem pomarańczowym. - Statystyki

Ogólne statystyki
  • Ten quiz został rozwiązany 64 razy
  • Średni wynik to 5 z 6
Statystyki odpowiedzi
Obrazkowy Odpowiedź % Poprawnych
Indie
98%
Irlandia
92%
Niger
81%
Wybrzeże kości słoniowej
81%
Sri lanka
80%
Bhutan
78%
Nie znaleziono quizów pasujących do podanych kryteriów
Rozkład punktacji
Procent ludzi z każdym wynikiem
Percentyl według liczby udzielonych odpowiedzi
Twoja historia wyników
Nie rozwiązałeś tego quizu